Normal view MARC view
  • Franklin, Benjamin,

Entry Nombre Personal

Number of records used in: 1

001 - NUMERO DE CONTROL

  • campo de control: 52418

003 - IDENTIFICADOR DE NUMERO DE CONTROL

  • campo de control: MX-MxUPN

005 - FECHA Y HORA DE LA ÜLTIMA TRANSACCIÓN

  • campo de control: 20240617122638.0

008 - DATOS DE LONGITUD FIJA

  • campo de control de longitud fija: 240617|| aca||aabn | aaa d

010 #4 - NÚMERO DE CONTROL DE LA BIBLIOTECA DEL CONGRESO

  • Número de control LC: n 79043402

035 ## - NUMERO DE CONTROL

  • Número de control: (OCoLC)oca00276823

040 ## - FUENTE DE CATALOGACIÓN

  • Agencia original de catalogación: DLC
  • Lenguaje de catalogación: spa
  • Agencia de transcripción: DLC
  • Agencia que lo modifica: MX-MxUPN
  • Agencia que lo modifica: ICU
  • Agencia que lo modifica: MdU
  • Agencia que lo modifica: DLC
  • Agencia que lo modifica: OCoLC
  • Agencia que lo modifica: SG-SiILA
  • Agencia que lo modifica: InU
  • Agencia que lo modifica: UPB
  • Agencia que lo modifica: IEN

046 ## - FECHAS CON CODIFICACIÓN ESPECIAL

  • Fecha de nacimiento: 17060117
  • Fecha de muerte: 17900417

053 ## - NÚMERO DE CLASIFICACIÓN LC

  • Número de clasificación elemento-número único o número inicial de tramo: PS745
  • Número de clasificación número de tramo final del elemento: PS752

100 1# - ENCABEZAMIENTO - NOMBRE PERSONAL

  • Nombre personal: Franklin, Benjamin,
  • Fechas asociadas con el nombre: 1706-1790

370 ## - LUGAR ASOCIADO

  • Fuente del término: $naf
  • Place of birth: Boston (Mass.)
  • Place of death: Filadelfía (Pa.)

374 ## - OCUPACIÓN

  • Occupation: Inventor
  • Occupation: Impresor
  • Occupation: Diplomático
  • Occupation: Líder político
  • Occupation: Científico
  • Occupation: Escritor

670 ## - FUENTE EN LA QUE SE LOCALIZARON DATOS

  • Cita de la fuente: Autoridades LC, 17 junio 2024 :
  • Información localizada: (Franklin, Benjamin, 1706-1790)
  • Uniform Resource Identifier: https://lccn.loc.gov/n79043402

902 ## - CATALOGADOR

  • Catalogador: MaríaRobles/170624